00601 2200217 4500001002100000005001700021008004100038020002200079035002400101040001200125082001500137084002100152100001600173245005700189250001100246260003400257300003600291650002200327850001200349990002200361INLIS00000000002574620170222092034.0  a978-602-371-338-7 0010-021700000000560 aYOPDYOG 223a959.87 aDep 959.87 Sah S aSAHARUN DIN aSelayang pandang :bKebudayaan Malukuc/ Saharun Din aCet.1. aYogyakartabLeutikaprioc2016 axii, 231 hlm.c: ilus.c; 19 cm aKebudayaan Maluku aYOPDYOG aCB-D.11/2016-1415